CASH'S TEXTBOOK OF ORTHOPAEDICS AND RHEUMATOLOGY FOR PHYSIOTHERAPISTS (Record no. 8384)

MARC details
000 -LEADER
fixed length control field 00457nam a22001697a 4500
005 - DATE AND TIME OF LATEST TRANSACTION
control field 20230821105721.0
008 - FIXED-LENGTH DATA ELEMENTS--GENERAL INFORMATION
fixed length control field 230818b |||||||| |||| 00| 0 eng d
020 ## - INTERNATIONAL STANDARD BOOK NUMBER
ISBN 0-7234-1833-0
041 ## - LANGUAGE CODE
Language code of text/sound track or separate title eng
082 ## - DEWEY DECIMAL CLASSIFICATION NUMBER
Classification number 616.8 DOW-C
100 ## - MAIN ENTRY--AUTHOR NAME
Personal name DOWNIE, PATRICIA A.
245 ## - TITLE STATEMENT
Title CASH'S TEXTBOOK OF ORTHOPAEDICS AND RHEUMATOLOGY FOR PHYSIOTHERAPISTS
260 ## - PUBLICATION, DISTRIBUTION, ETC. (IMPRINT)
Place of publication JAYPEE BROTHERS
Name of publisher NEW DELHI
Year of publication 1992
300 ## - PHYSICAL DESCRIPTION
Number of Pages 637;p
650 ## - SUBJECT ADDED ENTRY--TOPICAL TERM
Topical Term BPT
942 ## - ADDED ENTRY ELEMENTS (KOHA)
Koha item type Books
Holdings
Lost status Damaged status Collection code Home library Current library Shelving location Date acquired Source of acquisition Cost, normal purchase price Full call number Accession Number Koha item type
    Reference JRU Library JRU Library SHELF- 8- B 05/08/2023 PURCHASE 795.00 616.8 27877 Books
    PHYSIOTHERAPY JRU Library JRU Library SHELF-20-G 05/08/2023 PURCHASE 795.00 616.8 27878 Books
    PHYSIOTHERAPY JRU Library JRU Library SHELF-20-G 05/08/2023 PURCHASE 795.00 616.8 27879 Books